|
|
|
|
| LEADER |
00000nab a2200000 a 4500 |
| 001 |
vtls000186832 |
| 003 |
SK-MaSNL |
| 005 |
20260305011203.0 |
| 008 |
250423c1984 xo 0 slo |
| 015 |
|
|
|a SNBRB19rr/mm-uuuuu
|
| 035 |
|
|
|a CL0196945
|
| 035 |
|
|
|a urn:nbn:sk:snk-abbdp2
|
| 035 |
|
|
|a (urnnbn)urn:nbn:sk:snk:ar-00005j
|
| 035 |
|
|
|a (uuid)41637e90-4cad-425a-9200-9cb354395233
|
| 040 |
|
|
|a SNKBUCL
|b slo
|c SNKBUCL
|e AACR2
|
| 041 |
0 |
|
|a slo
|
| 044 |
|
|
|a xo
|c SK
|
| 080 |
|
|
|a 82.09:882-3(048)
|2 1981
|
| 080 |
|
|
|a 882-3(048)
|2 1981
|
| 100 |
1 |
|
|a Farkašová, Etela,
|d 1943-
|4 aut
|9 100186
|
| 245 |
1 |
0 |
|a Hľadanie portrétu
|c Etela Farkašová ; Vladimir Seměnovič Makanin
|
| 500 |
|
|
|a V rubrike Recenzie.
|
| 650 |
0 |
7 |
|a romány psychologické
|2 snkbucl
|9 653970
|
| 650 |
0 |
7 |
|a sovietska literatúra
|2 snkbucl
|9 22300
|
| 655 |
|
7 |
|a články z novín a časopisov
|2 snkbucl
|9 267496
|
| 655 |
|
7 |
|a články z odboru literárna veda a krásna literatúra
|2 snkbucl
|9 770045
|
| 700 |
1 |
|
|a Makanin, Vladimir Semenovič,
|d 1937-2017
|4 aut
|9 186972
|
| 773 |
0 |
|
|t Romboid
|g Roč. 19, č. 6 (1984), s. 86-87
|
| 787 |
0 |
8 |
|i Rec.:
|a Makanin, Vladimir Seměnovič
|t Portrét s pozadím
|d Bratislava : Slovenský spisovateľ
|
| 850 |
|
|
|a Slovenská národná knižnica
|
| 852 |
|
|
|a Slovenská národná knižnica
|
| 958 |
|
|
|a article15
|
| 958 |
|
|
|a RK
|
| 958 |
|
|
|a LX
|
| 958 |
|
|
|a SU
|
| 958 |
|
|
|a OND
|
| 958 |
|
|
|a EUIPO
|
| 992 |
|
|
|a RBX
|
| 999 |
|
|
|c 3251421
|d 3253351
|